000 00290nam a22001217a 4500
008 180512b xxu||||| |||| 00| 0 eng d
041 _aeng
080 _a043.3
100 _a0
101 _aMBE-BA
245 _aDoganat si Hyrje Publike: Rast Studimi: Kosova
_cShamliu, G
942 _2udc
_cBK
999 _c45708
_d45708